| 000 | 00734nam a22002177a 4500 | ||
|---|---|---|---|
| 999 |
_c1733 _d1733 |
||
| 003 | AR-CdUCM | ||
| 008 | 190227b ||||| |||| 00| 0 spa d | ||
| 040 |
_aMUNICIPALIDAD PROVINCIAL DEL CUSCO _cBIBLIOTECA MUNICIPAL DEL CUSCO |
||
| 041 | _heng. | ||
| 082 |
_a333.098 / _bD75 |
||
| 100 |
_aDiez Canseco,Octavio _96379 |
||
| 245 | _aLa falsa reforma agraria / | ||
| 260 |
_aPerú : _bImpr.Minerva, _c1961. |
||
| 300 |
_a165 paginas ; _c16 cm. |
||
| 505 | _aDel régimen legal de las tierras --Del régimen legal de las aguas --De la colonización --De las comunidades de indígenas ... | ||
| 650 |
_aAgricultura _9320 |
||
| 650 |
_aEstado _9738 |
||
| 650 |
_aLegislacion _96380 |
||
| 942 |
_2ddc _cLIBROS |
||
| 945 |
_arjall _d2019-02-27 |
||